Accounting: a need to business trade/

Enregistré dans:
Détails bibliographiques
Auteur principal: Arora, M. L.
Autres auteurs: Utouh, L. S. L
Format: Livre
Publié: Morogoro: Institute of Development Mzumbe, c1985.
Sujets:
Tags: Ajouter un tag
Pas de tags, Soyez le premier à ajouter un tag!

MARC

LEADER 00000nam a22000007a 4500
005 20251001103236.0
020 |a N/A  |c TZS 15,000/= 
040 |a MCCL  |b eng.  |e AACR 2nd rev. ed. 
082 |a 657.95 INS 
100 |a Arora, M. L. 
245 |a  Accounting:  |b a need to business trade/  |c M. L. Arora & L. S. L. Utouh 
260 |a Morogoro:  |b Institute of Development Mzumbe,  |c c1985. 
300 |a 823p.:  |b Ill.;  |c 21 cm. 
546 |a eng. 
650 |a Accounting 
650 |a Financial statement 
700 |a Utouh, L. S. L 
942 |c BK 
999 |c 11489  |d 11489